Flee the Facility - All Maps - Statistics

General Stats
  • This quiz has been taken 20 times
    8 since last reset
  • The average score is 17 of 24
Answer Stats
Hint Answer % Correct
In-game Airport
100%
In-game Homestead
100%
In-game Nuclear Power Plant
100%
Removed Nuclear Power Plant
100%
Removed Abandoned Facility
83%
Removed Abandoned Prison
83%
In-game Facility_0
83%
In-game Ghost Town
83%
In-game Haunted Mansion
83%
Event Toy Workshop
83%
In-game Arctic Station
67%
Event Backrooms
67%
In-game Sanctuary Zoo
67%
In-game School
67%
In-game Shopping Center
67%
In-game Spaceship
67%
In-game The Library
67%
In-game Abandoned Prison Maximus
50%
In-game Arcade
50%
Removed Forgotten Facility
50%
Removed Laboratory Complex
50%
Removed Sewer Treatment Plant
50%
In-game Abandoned Facility Optimus
33%
Removed Abandoned Facility Remake
17%
No matching quizzes found
Score Distribution
Percent of People with Each Score
Percentile by Number Answered
Your Score History
You have not taken this quiz since the last reset